Monitoring kapitálových výdavkov pri realizovaní investičného projektu

Cieľom príspevku je upriamiť pozornosť na význam monitorovania stavu projektu vo fáze realizovania a priblížiť techniku sledovania stavu projektu so zameraním na metódu vytvorenej hodnoty resp. metódu hodnoty prínosu (earned value), ktorá sa používa v riadení a kontrole nákladov a kontrole harmono...

Descrizione completa

Salvato in:
Dettagli Bibliografici
Autore principale: Kubranová, Magdaléna, 1956-
Natura: Capitolo di libro
Lingua:slovacco
Soggetti:
Tags: Aggiungi Tag
Nessun Tag, puoi essere il primo ad aggiungerne!!

MARC

LEADER 00000nla$a2200000$$$4500
001 0084274
005 20240502071941.3
041 0 |a slo 
044 |a SK 
245 1 0 |a Monitoring kapitálových výdavkov pri realizovaní investičného projektu  |c Magdaléna Kubranová 
520 |a Cieľom príspevku je upriamiť pozornosť na význam monitorovania stavu projektu vo fáze realizovania a priblížiť techniku sledovania stavu projektu so zameraním na metódu vytvorenej hodnoty resp. metódu hodnoty prínosu (earned value), ktorá sa používa v riadení a kontrole nákladov a kontrole harmonogramu projektu v tejto fáze. Investičné projekty predurčujú budúcnosť podniku, pretože ich cieľom je zvýšenie ziskovosti podniku. 
610 2 0 |a podnik 
610 2 0 |a projekty investičné 
610 2 0 |a kontrola priebežná 
610 2 0 |a metódy 
610 2 0 |a zisk podnikový 
100 1 |a Kubranová, Magdaléna, 1956-